The Historic Styles of Ornament (Record no. 4166)

MARC details
000 -CABECERA
campo de control de longitud fija 00891nam a2200217 a 4500
001 - NÚMERO DE CONTROL
campo de control BRCA_4460
005 - FECHA Y HORA DE LA ÚLTIMA TRANSACCIÓN
campo de control 20190320204658.0
008 - DATOS DE LONGITUD FIJA--INFORMACIÓN GENERAL
campo de control de longitud fija 820922s1905 enka######---#000-0#eng-#
041 ## - CÓDIGO DE LENGUA
Código de lengua del texto/banda sonora o título independiente eng
044 ## - CÓDIGO DEL PAÍS DE LA ENTIDAD EDITORA/PRODUCTORA
Código MARC del país enk
050 #4 - SIGNATURA TOPOGRÁFICA DE LA BIBLIOTECA DEL CONGRESO
Número de clasificación NK1570
Número de documento/Ítem .H57 1905
245 10 - MENCIÓN DE TÍTULO
Título The Historic Styles of Ornament
Resto del título Containing 1500 Examples from all Countries and all Periods, Exhibited on One Hundred Plates Mostly Printed in Gold and Colours
Mención de responsabilidad, etc. with Historical and Descriptive Text, translated from the German of H. Dolmetsch.
260 ## - PUBLICACIÓN, DISTRIBUCIÓN, ETC.
Lugar de publicación, distribución, etc. Londres
Nombre del editor, distribuidor, etc. B. T. Batsford
Fecha de publicación, distribución, etc. 1905
300 ## - DESCRIPCIÓN FÍSICA
Extensión 1 v. (sin paginación)
Otras características físicas il. (algunas a color), 90 láminas
Dimensiones 34 cm.
500 ## - NOTA GENERAL
Nota general Incluye índice alfabético y lista de láminas
500 ## - NOTA GENERAL
Nota general Donación de Joaquín von Mentz
650 14 - PUNTO DE ACCESO ADICIONAL DE MATERIA--TÉRMINO DE MATERIA
Término de materia o nombre geográfico como elemento de entrada Decoración y ornamentación
9 (RLIN) 3592
700 1# - PUNTO DE ACCESO ADICIONAL--NOMBRE DE PERSONA
Nombre de persona Dolmetsch, Heinrich
Fechas asociadas al nombre 1846-1908
Término indicativo de función/relación Traductor
9 (RLIN) 11304
902 ## - CATALOGADOR
Iniciales REF
942 ## - ELEMENTOS DE PUNTO DE ACCESO ADICIONAL (KOHA)
Fuente del sistema de clasificación o colocación Library of Congress Classification
Tipo de ítem Koha Libros
Holdings
Estado de retiro Estado de pérdida Estado dañado No para préstamo Localización permanente Ubicación/localización actual Fecha de adquisición Total de préstamos Signatura topográfica completa Código de barras Fecha visto por última vez Precio válido a partir de Tipo de ítem Koha
El ejemplar forma parte de la colección y puede ser consultado según las políticas vigentes.       Biblioteca del Museo Franz Mayer (Rogerio Casas-Alatriste) Biblioteca del Museo Franz Mayer (Rogerio Casas-Alatriste) 06/09/2010   NK1570 .H57 1905 REF00191 22/03/2019 22/03/2019 Libros